| 000 | 00666nam a2200229Ia 4500 | ||
|---|---|---|---|
| 003 | OSt | ||
| 005 | 20220925232147.0 | ||
| 006 | a|||||r|||| 00| 0 | ||
| 007 | ta | ||
| 008 | 220923b |||||||| |||| 00| 0 eng d | ||
| 037 | _cGeneral Book | ||
| 040 |
_aRTL _cRTL _beng |
||
| 041 |
_2eng _aeng |
||
| 082 | _aX:75.5923.N6, K6 | ||
| 100 | _aPejovich Svetozar | ||
| 245 | 0 | _aMarket- planned economy of Yugoslavia | |
| 260 |
_aMinneapolis _bUniversity of Minnesota press _c1966 |
||
| 300 |
_axii,160p. Appendix p 125-48 _ccm. |
||
| 650 | _aEconomics | ||
| 942 |
_hX:75.5923.N6, K6 _cGB _2CC |
||
| 999 |
_c590477 _d590477 |
||